| 000 | 00443nam a2200133 4500 | ||
|---|---|---|---|
| 001 | 127741 | ||
| 003 | ES-MaACL | ||
| 007 | t| | ||
| 008 | 070214s1980 cl r ||||1| spa d | ||
| 100 | 1 |
_aRivacoba y Rivacoba, Manuel de. _997535 |
|
| 245 | 1 | 0 |
_aSiglo y medio de codificación penal en Iberoamérica / _cManuel de Rivacoba y Rivacoba, Eugenio Raúl Zaffaroni. |
| 700 | 1 |
_aZaffaroni, Eugenio Raúl. _9117826 |
|
| 852 |
_aES-MaACL _jL-966 _bR.101168 |
||
| 999 |
_c127741 _d127741 |
||